当初から町制を施行している町(山形県) - Statistics

General Stats
  • This quiz has been taken 35 times
  • The average score is 6 of 8
Answer Stats
% Correct
最上郡 新庄町
100%
飽海郡 酒田町
100%
西田川郡 鶴岡町
100%
東村山郡 天童町
90%
南村山郡 上山町
84%
西置賜郡 長井町
84%
東置賜郡 宮内町
26%
飽海郡 松嶺町
16%
No matching quizzes found
Score Distribution
Percent of People with Each Score
Percentile by Number Answered
Your Score History
You have not taken this quiz